000 01650nam a2200301 a 4500
001 BRCA_3279
005 20190320204212.0
008 130309s1853----u--a---###---#000-0#eng-#
041 _aeng
044 _au
084 _a581
_b.A67
_c1853
100 1 _aCervantes Saavedra, Miguel de
_d1547-1616
_9213
245 1 0 _aDon Quixote de la Mancha
_cA Revised Translation Based on those of Motteux, Jarvis and Smollett.
260 _aNueva York
_bD. Appleton and Co.
_c1853
300 _a1 v. en 2 partes (495 p.)
_bil.
_c24 cm.
500 _aContenido : Primera parte. Prefacio del editor. Noticia sobre la vida de Cervantes. Prólogo del autor. Segunda parte. Dedicatoria y prólogo de Cervantes
500 _aEdición : With Numerous Characteristic Illustrations
500 _aSi bien en la portada se dice que esta edición ha tenido por modelo las traducciones de Motteux, Jarvis y Smollett, la que principalmente ha servido de base al editor, es la de Mary Smirke, publicada en Londres, por T. Cadell y W. Davies, en 1818, puesto que la copia casi literalmente. Las láminas estan grabadas por J. W. Orr sobre los dibujos de Gilbert. La parte tipográfica es excelente. Tela; lomo y planos decorados con motivos quijotiles dorados Lúdovik Osterc
500 _aQM861
546 _aTexto en : inglés
650 1 4 _aNovela española
_yÉpoca clásica, 1500-1700
_9215
650 1 4 _aLiteratura española
_yÉpoca clásica, 1500-1700
_9216
650 1 4 _aNovela española
_ySiglo XVII
_9217
650 1 4 _aDon Quijote (Personaje ficticio)
_eNovela
_9218
740 0 _aEl Ingenioso Hidalgo Don Quijote de la Mancha
902 _aQFM
942 _2lcc
_cB
999 _c3015
_d3015